01429cam a2200397 i 4500952014400000999001700144001000900161003000400170005001700174008004100191010001700232020001800249020004000267020003200307020004000339020003700379020002900416040002800445042000800473050002600481082001800507100004100525245008400566250002100650264003400671300002400705336002600729337002800755338002700783504004100810650002500851700003500876700003300911906004500944942004200989 00102ddc40708DATAaMESbMEScCOMPd2022-07-25e51g806.25l0o005.74 SIL/Dp41500r2022-07-25 00:00:00v1075.00w2022-07-25yBKzGL33R2 c41484d4148420791285OSt20220723115037.0181226s2019 nyu b 000 0 eng  a 2018060474 a9789390727506 a9780078022159q(hbk. ;qalk. paper) a0078022150q(bound edition) a9781260515046q(loose-leaf edition) a1260515044q(loose-leaf edition) a0078022150q(alk. paper) aDLCbengcDLCerdadDLC apcc00aQA76.9.D3bS5637 202000a005.74bSIL/D1 aSilberschatz, Abrahameauthor.9905210aDatabase system concepts /cAbraham Silberschatz, Henry F. Korth, S. Sudarshan, aSeventh edition. 1aIndia :bMcGraw-Hill,c[2022] a1344 pages ;c24 cm atextbtxt2rdacontent aunmediatedbn2rdamedia avolumebnc2rdacarrier aIncludes bibliographical references. 0aDatabase management.1 aKorth, Henry F.eauthor.990531 aSudarshan, S.eauthor.99054 a7bcbccorignewd1eecipf20gy-gencatlg 2ddccBKh005.74iSIL/Dk005.74mSIL/D